000 00247nam a2200097Ia 4500
001 1099965
005 20250827003230.0
008 250824s9999 xx 000 0 und d
245 0 _aSIRLAR UÇURUMU
_cALEIN KENRIGERNA
260 _bPANAMA YAYINLARI
999 _c1099965
_d1099965